Rendezvous with destiny : a history of modern American reform

Wedi'i Gadw mewn:
Manylion Llyfryddiaeth
Prif Awdur: Goldman, Eric F.
Fformat: Llyfr
Iaith:Undetermined
Cyhoeddwyd: New York Alfred A. knopf 1952
Pynciau:
Tagiau: Ychwanegu Tag
Dim Tagiau, Byddwch y cyntaf i dagio'r cofnod hwn!
Thư viện lưu trữ: Trung tâm Học liệu Trường Đại học Cần Thơ
LEADER 00523nam a2200193Ia 4500
001 CTU_86482
008 210402s9999 xx 000 0 und d
082 |a 973.8 
082 |b G619 
100 |a Goldman, Eric F. 
245 0 |a Rendezvous with destiny : 
245 2 |b a history of modern American reform 
245 0 |c Eric F. Goldman 
260 |a New York 
260 |b Alfred A. knopf 
260 |c 1952 
650 |a American history 
910 |a Vương 
980 |a Trung tâm Học liệu Trường Đại học Cần Thơ